Automobil na leasing môže odpisovať prenajímateľ i nájomca

Prenájom (leasing) predstavuje finančne výhodnú formu obstarania automobilu na úkor nákladov. Najčastejšie druhy leasingu automobilu: operatívny (prevádzkový, bežný) leasing, finančný leasing, spätný (predaj so spätným prenájmom - sale and leas-back) leasing. Odpisovanie automobilu prenajímateľom a...

Ausführliche Beschreibung

Gespeichert in:
Bibliographische Detailangaben
1. Verfasser: Fekete, Imrich
Format: Buchkapitel
Sprache:Slowakisch
Schlagworte:
Tags: Tag hinzufügen
Keine Tags, Fügen Sie das erste Tag hinzu!

MARC

LEADER 00000naa a2200000 4500
001 r027792
005 20230921081013.2
041 0 |a slo 
044 |a SK 
245 1 0 |a Automobil na leasing môže odpisovať prenajímateľ i nájomca  |c Imrich Fekete 
520 |a Prenájom (leasing) predstavuje finančne výhodnú formu obstarania automobilu na úkor nákladov. Najčastejšie druhy leasingu automobilu: operatívny (prevádzkový, bežný) leasing, finančný leasing, spätný (predaj so spätným prenájmom - sale and leas-back) leasing. Odpisovanie automobilu prenajímateľom a nájomcom. Odpisovanie po prechode vlastníckeho práva. 
610 2 0 |a lízing 
610 2 0 |a automobily 
610 2 0 |a odpisy daňové 
610 2 0 |a lízing operatívny 
610 2 0 |a lízing finančný 
610 2 0 |a lízing spätný 
610 2 0 |a pojmy 
100 1 |a Fekete, Imrich